000 00467nam a2200157 i 4500
001 24135
003 ES-MaACL
005 20230906153009.0
007 t|
008 021216s1935 sp ||||1| spa d
100 1 _aAntezana Paz, Franklin.
_921880
245 1 0 _aAboneda, crédito, cambios extranjeros y estabilización /
_cFranklin Antezana Paz.
260 _aMadrid :
_bZoila Ascasibar,
_c1935.
300 _a309 p. ;
_c23 cm.
852 _aES-MaACL
_jA-5225
_bR.18313
999 _c24135
_d24135